| 000 | 01017cab a2200373 4500 | ||
|---|---|---|---|
| 001 | ABS50611 | ||
| 008 | 090401t1994 xxu||||| |||| 00| 0 eng d | ||
| 035 | _a(Sirsi) u76661 | ||
| 041 | _aeng | ||
| 245 | _aCentrefolio: South & West Yorks | ||
| 260 | _c1994 | ||
| 350 | _a0 | ||
| 490 |
_aProperty Week _v45(9) 2 June 1994, 33-61(13) |
||
| 650 | _aBARNSLEY | ||
| 650 | _aBRADFORD | ||
| 650 | _aDONCASTER | ||
| 650 | _aHALIFAX | ||
| 650 | _aHUDDERSFIELD | ||
| 650 | _aINDUSTRIAL MARKET | ||
| 650 | _aLEEDS | ||
| 650 | _aMEADOWHALL | ||
| 650 | _aPROPERTY-COMMERCIAL PROPERTY-OFFICE PROPERTY-OFFICE PROPERTY MARKET | ||
| 650 | _aPROPERTY-COMMERCIAL PROPERTY-RETAIL PROPERTY-RETAIL PROPERTY MARKET | ||
| 650 | _aROTHERHAM | ||
| 650 | _aSHEFFIELD | ||
| 650 | _aSOUTH YORKSHIRE | ||
| 650 | _aSUPERTRAM | ||
| 650 | _aWAKEFIELD | ||
| 650 | _aWEST YORKSHIRE | ||
| 650 | _aYORKSHIRE | ||
| 690 | _aPROPERTY-COMMERCIAL PROPERTY-COMMERCIAL PROPERTY MARKET | ||
| 942 | _n0 | ||
| 948 | _c04/03/1997 | ||
| 999 |
_c48170 _d48170 |
||